Aspetti del pensiero storico latino

Guardat en:
Dades bibliogràfiques
Autor principal: La Penna, Antonio (Autor)
Format: Llibre
Idioma:italià
Publicat: Turín Einaudi 1978
Edició:2a. ed
Col·lecció:Piccola Biblioteca Einaudi, 354
Matèries:
Etiquetes: Afegir etiqueta
Sense etiquetes, Sigues el primer a etiquetar aquest registre!

MARC

LEADER 00000nam a2200000 a 4500
001 UCP9402
003 CL-VaPUC
008 000324e19780000IT |||||||||||||||||ita|d
082 0 4 |a 937  |b LAP  |2 21 
100 |a La Penna, Antonio  |e author  |9 445258 
245 1 0 |a Aspetti del pensiero storico latino 
250 |a 2a. ed 
300 |a 296 p 
942 |c BK 
945 |d 20000324 00:00:00  |a rherrera 
260 |a Turín  |b Einaudi  |c 1978 
600 0 7 |a SILLA  |2 CL-VaPUC  |9 439946 
600 0 7 |a PETRONIO, CAYO  |2 CL-VaPUC  |9 439947 
650 0 |a Historia antigua  |9 267521 
650 7 |a ROMA  |2 CL-VaPUC  |9 317375 
650 0 |a Civilización romana  |9 438909 
650 7 |a FILOSOFIA POLITICA  |2 CL-VaPUC  |9 439948 
650 0 |a Historiografía   |9 257871 
583 |a last modification  |c 20160913 03:54:08  |k Rodrigo Vera 
490 0 |a Piccola Biblioteca Einaudi, 354 
999 |c 286217  |d 286215 
952 |0 0  |1 0  |4 0  |6 937_000000000000000_LAP_1978  |7 0  |8 A  |9 331720  |a BIBHIS  |b BIBHIS  |d 2019-11-20  |i 1389475  |l 1  |o 937 LAP 1978  |p 1389475  |r 2025-01-20  |s 2021-01-12  |w 2019-11-20  |y BK  |k HIS